Soccer Players by Letter - C - Statistics

General Stats
  • This quiz has been taken 780 times
  • The average score is 11 of 12
Answer Stats
Picture Answer % Correct
Johan Cruyff
99%
Roberto Carlos
96%
Casemiro
93%
Edinson Cavani
93%
Petr Čech
93%
Thibaut Courtois
93%
Giorgio Chiellini
89%
Casillas
87%
Eric Cantona
87%
Cafu
86%
Bobby Charlton
83%
Ashley Cole
77%
No matching quizzes found
Score Distribution
Percent of People with Each Score
Percentile by Number Answered
Your Score History
You have not taken this quiz